Pétalas do mundo (Registo nº 35202)

Detalhes MARC
000 -Etiqueta do registo
Valores 00648nam a2200253 4500
010 ## - Número ISBN
ISBN 9789895481132
021 ## - Número do Depósito Legal
Código do país Portugal
100 ## - Dados gerais de processamento
Dados gerais 20221014 frey50
101 0# - Língua de publicação
Língua Português
102 ## - País de publicação
País Portugal
200 1# - Titulo e menção de responsabilidade
Título próprio Pétalas do mundo
Primeira menção de responsabilidade textos Márcia Ramalho
Outras menções de responsabilidade il. Rita Amorim
205 ## - Menção da edição
Edição 1.ªed
210 ## - Publicação
Local de publicação Braga
Nome do editor Betweien,
Data de publicação 2020
215 ## - Descrição física 
Paginação / Volumes 55 p.
Outras indicações físicas il.
Dimensões 21 cm
606 ## - Nome comum usado como assunto
Palavra de ordem Integra—cão social
675 ## - CDU
Notação 087.5-053.5
Edição BN
Língua por
675 ## - CDU
Notação 821.134.3-34
Edição BN
Língua por
700 #1 - Autor principal
Apelido Ramalho,
Nome Márcia Andreia Coelho
702 #1 - Autor secundário
Apelido Amorim,
Nome Rita
Função Ilustrador
801 #0 - Fonte de origem
País PT
Agência RMBL
Regras de catalogação RPC
090 ## - Tipo de documento
Koha biblioitem number (autogenerated) 35202
990 ## - Elementos KOHA
Tipo de documento Livro
994 ## - Estado da catalogação
Situação Completo
Exemplares
Situação do levantamento Situação do extravio Biblioteca de origem Biblioteca de empréstimo Código de barras Cota Permissão de empréstimo Tipo de documento Forma de aquisição
  Completo Biblioteca do Centro Escolar de Viana do Alentejo Biblioteca do Centro Escolar de Viana do Alentejo 2166 BV 087.5 RAM Disponível Livro  




Powered by Koha